| Tag |
First Indicator |
Second Indicator |
Subfields |
| LEADER |
00000cam a22000008a 4500 |
| 001 |
in00000074123 |
| 005 |
20151008060205.0 |
| 008 |
811021s1982 enkabfj b 00110 eng |
| 010 |
|
|
|a 81018675
|
| 020 |
|
|
|a 0198226497 :
|c $49.00 (U.S.)
|
| 035 |
|
|
|a (OCoLC)07945953
|
| 035 |
|
|
|9 AAJ5288AM
|
| 039 |
0 |
|
|a 2
|b 3
|c 3
|d 3
|e 3
|
| 040 |
|
|
|a DLC
|c DLC
|d TXA
|d UtOrBLW
|
| 043 |
|
|
|a e-uk-en
|
| 049 |
|
|
|a TXAM
|c [1442789]
|
| 050 |
0 |
0 |
|a HD8039.F66
|b G77
|
| 082 |
0 |
|
|a 307.7/6
|2 19
|
| 100 |
1 |
|
|a Prior, Mary.
|
| 245 |
1 |
0 |
|a Fisher Row :
|b fishermen, bargemen, and canal boatmen in Oxford, 1500-1900 /
|c by Mary Prior.
|
| 263 |
|
|
|a 8112
|
| 264 |
|
1 |
|a Oxford :
|b Clarendon Press ;
|a New York :
|b Oxford University Press,
|c 1982.
|
| 300 |
|
|
|a xxiv, 406 pages, 4 unnumbered pages of plates :
|b illustrations, maps, genealogical tables ;
|c 22 cm.
|
| 336 |
|
|
|a text
|b txt
|2 rdacontent
|
| 337 |
|
|
|a unmediated
|b n
|2 rdamedia
|
| 338 |
|
|
|a volume
|b nc
|2 rdacarrier
|
| 500 |
|
|
|a Includes indexes.
|
| 504 |
|
|
|a Bibliography: pages [375]-386.
|
| 650 |
|
0 |
|a Fishers
|z England
|z Oxford
|x History.
|
| 650 |
|
0 |
|a Boaters (Persons)
|z England
|z Oxford
|x History.
|
| 651 |
|
0 |
|a Oxford (England)
|x Social conditions.
|
| 651 |
|
0 |
|a Oxford (England)
|x History.
|
| 999 |
|
|
|a MARS
|
| 999 |
f |
f |
|s 340d4672-82a2-3f78-ae7a-7c2371c5f001
|i 162785c5-3575-34f8-b27d-fe43b6ee4555
|t 0
|
| 952 |
f |
f |
|p ric
|a Texas A&M University
|b Rellis Campus
|c Joint Library Facility
|d Remote Storage
|t 0
|e HD8039.F66 G77
|h Library of Congress classification
|i unmediated -- volume
|m A14806129809
|
| 998 |
f |
f |
|a HD8039.F66 G77
|t 0
|l Remote Storage
|